Circles - Post Malone (All Lyrics) - Statistics

General Stats
  • This quiz has been taken 702 times
  • The average score is 237 of 314
Answer Stats
Circles % Correct
a
96%
I
96%
Verse 1 We
93%
we
93%
circles
89%
Run
89%
run
89%
the
89%
The
89%
You
89%
you
89%
away
88%
go
87%
do
86%
do?
86%
it
85%
to
85%
were
84%
we're
84%
in
83%
when
83%
and
82%
And
82%
change
82%
let
82%
Verse 2 Let
82%
Chorus Seasons
82%
so
82%
but
81%
But
81%
running
81%
be
79%
love
77%
up
76%
can't
75%
couldn't
75%
on
75%
I'm
74%
around
73%
don't
73%
down
71%
me
71%
time
71%
turn
71%
cold
69%
even
69%
I'll
69%
now
69%
upside
69%
it's
68%
It's
68%
something
67%
this
67%
that
66%
waiting
66%
Feed
65%
flame
65%
got
65%
there
65%
tried
65%
our
64%
take
63%
again
62%
cause
62%
went
62%
ain't
61%
bad
61%
proud
61%
too
61%
believe
60%
every
60%
feeling
60%
guy
60%
blame
59%
dare
59%
sex
58%
though
58%
til
58%
was
58%
what
58%
just
55%
Intro Oh
54%
oh
54%
said
52%
special
52%
your
52%
going
51%
only
50%
are
49%
hear
48%
understand
48%
get
47%
tell
47%
know
46%
still
46%
through
46%
from
44%
lose?
44%
Bridge Maybe
44%
mind
43%
gonna
42%
thought
42%
Make
40%
knew
38%
echoes
37%
doomed
28%
No matching quizzes found
Score Distribution
Percent of People with Each Score
Percentile by Number Answered
Your Score History
You have not taken this quiz